[Event "AUTO-INT-3948"]
[Site "http://www.queenalice.com/game.php?id=1864453"]
[Date "2025.10.19"]
[Round "1"]
[White "Carlos19"]
[Black "TammieM3ENF"]
[Result "1-0"]
[WhiteElo "1575"]
[BlackElo "1523"]

1. e4 e5 2. Nf3 Nf6 3. Nc3 Nc6 4. Bb5 d5 5. Nxe5 g5 6. Bxc6+ bxc6 7. Nxc6 Qd7 8.
Ne5 Qd6 9. Ng4 Nxg4 10. O-O f6 11. Nxd5 h5 12. g3 h4 13. a4 c6 14. Ne3 Nxe3 15.
fxe3 f5 16. exf5 hxg3 17. Kg2 gxh2 18. Rh1 g4 19. Qxg4 Rh7 20. e4 c5 21. Qg6+
Kd7 22. Qxh7+ Be7 23. Qxh2 a5 24. Qxd6+ Bxd6 25. c3 Ra7 26. Rh7+ Be7 27. f6 Kd8
28. d4 cxd4 29. fxe7+ Kd7 30. Bg5 Kc6 31. e8=Q+ Bd7 32. Qg6+ Kc5 33. Be7+ Kc4
34. cxd4 Kxd4 35. Rd1+ Kc4 36. b3+ Kxb3 37. Qb6+ Kxa4 38. Ra1# 1-0

[Event "AUTO-INT-3948"]
[Site "http://www.queenalice.com/game.php?id=1864454"]
[Date "2025.10.19"]
[Round "1"]
[White "TammieM3ENF"]
[Black "Carlos19"]
[Result "0-1"]
[WhiteElo "1580"]
[BlackElo "1619"]

1. d4 e6 2. e4 d5 3. e5 Nc6 4. b3 f6 5. exf6 Qxf6 6. c4 b6 7. f3 Bb4+ 8. Bd2
Bxd2+ 9. Nxd2 Nxd4 10. g4 Qg6 11. f4 Nc2+ 12. Ke2 Nxa1 13. Qxa1 dxc4 14. bxc4
Ba6 15. f5 exf5 16. gxf5 Qg5 17. h4 Qh5+ 18. Ke1 Nf6 19. a4 O-O-O 20. c5 Bxf1
21. Kxf1 Qxf5+ 22. Ngf3 Rxd2 23. Qe1 Qxf3+ 24. Qf2 Rd1# 0-1

[Event "AUTO-ADV-4899"]
[Site "http://www.queenalice.com/game.php?id=1864572"]
[Date "2025.10.20"]
[Round "1"]
[White "Daniel1962"]
[Black "Carlos19"]
[Result "0-1"]
[WhiteElo "1788"]
[BlackElo "1580"]

1. g3 e5 2. Bg2 Nc6 3. Nc3 Bc5 4. e3 Nf6 5. Nf3 h6 6. O-O O-O 7. d4 exd4 8. exd4
Bb6 9. d5 Na5 10. Be3 Bxe3 11. fxe3 Nc4 12. Qc1 Re8 13. Nd1 Nxd5 14. Nd4 c6 15.
Bxd5 cxd5 16. b3 Nb6 17. c4 dxc4 18. bxc4 d6 19. Nb3 Be6 20. Na5 Qc7 21. e4 Bg4
22. Qf4 Be6 23. c5 Nc8 24. Rb1 Qxc5+ 25. Ne3 Qxa5 26. Rxb7 Qxa2 27. Rxf7 Bxf7
28. Rf2 Qe6 29. Nd5 Rf8 30. Nc7 Qe5 31. Nxa8 Qxf4 32. Rxf4 g5 33. Rf6 Kg7 34.
Rf2 Kg6 35. Nc7 a5 36. Nb5 Kg7 37. Kg2 Re8 38. Nc3 Nb6 39. Rd2 Nc8 40. Nb5 Re6
41. Kf3 Bh5+ 42. g4 Bg6 43. Nc3 Nb6 44. Nd5 Nxd5 45. exd5 Be4+ 46. Ke3 Re8 47.
Rd4 Bxd5+ 48. Kd3 Kf6 49. Rxd5 Ke6 50. Rxa5 Rb8 51. Ke4 Rb4+ 52. Kf3 d5 53. Ra6+
Ke5 54. Rxh6 d4 55. Ra6 Rb3+ 56. Kg2 Kf4 57. Ra4 Rb2+ 58. Kg1 Kf3 59. Ra3+ Kxg4
60. Rd3 Rb4 61. h3+ Kf4 62. Rd2 Kg3 63. Rd3+ Kh4 64. Kf2 g4 65. hxg4 Kxg4 66.
Ke2 Kf4 67. Rh3 Rb2+ 68. Kd1 Ke4 69. Kc1 Rb4 70. Kc2 Rc4+ 71. Kb3 Rc8 72. Rh1 d3
73. Rd1 Ke3 74. Re1+ Kf2 75. Rd1 Ke2 76. Rxd3 Kxd3 77. Kb4 Kc2 78. Kb5 Kb3 79.
Kb6 Kb4 80. Kb7 Rc1 81. Kb6 Ka4 82. Kb7 Kb5 83. Kb8 Kb6 0-1

[Event "AUTO-ADV-4899"]
[Site "http://www.queenalice.com/game.php?id=1864573"]
[Date "2025.10.20"]
[Round "1"]
[White "Carlos19"]
[Black "Daniel1962"]
[Result "0-1"]
[WhiteElo "1589"]
[BlackElo "1856"]

1. e4 e6 2. Bc4 Qf6 3. d3 Bc5 4. Nf3 Nc6 5. Nc3 Nd4 6. Be3 Nxf3+ 7. Qxf3 Qxf3 8.
gxf3 Bxe3 9. fxe3 Ne7 10. f4 d5 11. exd5 exd5 12. Bb3 c6 13. d4 Nf5 14. Ke2 Be6
15. a4 Nh4 16. a5 a6 17. Rhg1 g6 18. e4 dxe4 19. Bxe6 fxe6 20. b4 Nf3 21. Rg2
Nxd4+ 22. Kd1 e3 23. h4 O-O-O 24. Kc1 Nf5 25. Ne4 Rd4 26. Nc3 Rxf4 27. Rh2 Rf2
28. Rh1 e2 29. Kb2 Rd8 30. Rae1 Rd2 31. Nxe2 Rfxe2 32. Rxe2 Rxe2 33. h5 Ng3 34.
Rh3 Nxh5 35. Rf3 e5 36. Rf8+ Kc7 37. Rf7+ Kb8 38. Rxh7 e4 39. Rh6 Nf4 40. Rh4 g5
41. Rh8+ Ka7 42. Rd8 g4 43. Rg8 Rg2 44. Re8 Nd3+ 45. Kc3 Nf2 46. Kd4 g3 47. c4
Rg1 48. Kc5 Rd1 49. Re6 g2 50. Rg6 g1=Q 51. Rxg1 Rxg1 52. b5 axb5 53. cxb5 cxb5
54. Kxb5 e3 0-1

[Event "AUTO-ADV-4899"]
[Site "http://www.queenalice.com/game.php?id=1864584"]
[Date "2025.10.20"]
[Round "1"]
[White "Carlos19"]
[Black "mvson33"]
[Result "0-1"]
[WhiteElo "1560"]
[BlackElo "1818"]

1. e4 e5 2. Nf3 Nc6 3. Bc4 Be7 4. d3 Nf6 5. h3 O-O 6. Nc3 b6 7. Nd5 Bb7 8. Nxe7+
Qxe7 9. a3 d6 10. O-O Rad8 11. Bg5 Na5 12. Bd5 Bxd5 13. exd5 Nb7 14. c4 Nc5 15.
Qc2 Ncd7 16. b4 Nb8 17. a4 Nbd7 18. a5 Qe8 19. axb6 axb6 20. Ra7 Rc8 21. Qa4 Ra8
22. Rxa8 Qxa8 23. Qxa8 Rxa8 24. Bxf6 Nxf6 25. b5 h6 26. Nh4 Nh5 27. Nf5 Nf4 28.
h4 Nxd3 29. Ne7+ Kf8 30. Nf5 Nc5 31. g4 Ra4 32. Ne3 Ke7 33. Nf5+ Kf6 34. Rc1 Nd3
35. Rc3 Nc5 36. Rf3 g6 37. Nxd6+ Ke7 38. Nxf7 e4 39. Rf4 h5 40. g5 Rxc4 41. Ne5
Rc1+ 42. Kg2 Kd6 43. Nxg6 Kxd5 44. Ne7+ Kd6 45. Nf5+ Ke5 46. Kg3 Nd3 47. Rxe4+
Kxe4 48. g6 Rg1+ 49. Kh2 Rxg6 50. Ne7 Re6 51. Nc8 Nxf2 52. Kg3 Nd1 53. Kh3 Nc3
54. Na7 Re5 55. Kg3 Nxb5 56. Nc6 Rc5 57. Ne7 Nd6 58. Kh3 Nf5 59. Nc8 Nxh4 60.
Kxh4 b5 61. Na7 b4 62. Nc8 b3 0-1

[Event "AUTO-ADV-4899"]
[Site "http://www.queenalice.com/game.php?id=1864585"]
[Date "2025.10.20"]
[Round "1"]
[White "mvson33"]
[Black "Carlos19"]
[Result "1-0"]
[WhiteElo "1830"]
[BlackElo "1583"]

1. e4 e5 2. Nf3 Nc6 3. Bb5 Bd6 4. O-O a6 5. Ba4 Nf6 6. d3 b5 7. Bb3 h6 8. c3 b4
9. h3 O-O 10. Be3 bxc3 11. Nxc3 Bb4 12. Bd2 Nd4 13. Nxe5 Nxb3 14. Qxb3 a5 15.
Rac1 c5 16. Rfd1 d6 17. Nc6 Qc7 18. Nxb4 axb4 19. Nd5 Qd7 20. Nb6 Qc6 21. Nxa8
Qxa8 22. Bf4 Ne8 23. a3 Bb7 24. axb4 Qa7 25. bxc5 g5 26. Bxd6 Nxd6 27. cxd6 Rd8
28. Rc7 Rb8 29. Qc2 Qa8 30. Qc4 Rf8 31. Qb3 Rb8 32. Qxf7+ 1-0

[Event "AUTO-OPEN-4622"]
[Site "http://www.queenalice.com/game.php?id=1865061"]
[Date "2025.11.3"]
[Round "1"]
[White "Carlos19"]
[Black "ChessColossos"]
[Result "0-1"]
[WhiteElo "1635"]
[BlackElo "1454"]

1. e4 e5 2. Nf3 Nc6 3. Bb5 a6 4. Bxc6 dxc6 5. Nxe5 Qd4 6. Nd3 Qxe4+ 7. Qe2 Qxe2+
8. Kxe2 Bf5 9. h3 O-O-O 10. g4 Bxd3+ 11. cxd3 Bc5 12. Nc3 Re8+ 13. Ne4 Nf6 14.
f3 Bd4 15. a4 c5 16. Ra3 Kd7 17. g5 Nd5 18. h4 f5 19. Rb3 b6 20. h5 fxe4 21.
dxe4 Nf4+ 22. Kf1 Kc6 23. h6 g6 24. Rh4 Rhf8 25. d3 Nh5 26. f4 Ng3+ 27. Kg2 Nxe4
28. Bd2 Nxd2 29. Ra3 Bxb2 30. Ra2 Bc3 31. Ra3 Ba5 32. Kf2 Rf7 33. Ra2 Rfe7 34.
Kg3 Re3+ 35. Kg4 Rxd3 36. Rh2 Ree3 37. Rg2 Ne4 38. Kh4 Rh3+ 39. Kg4 Be1 40. Rae2
Rh4# 0-1

[Event "AUTO-OPEN-4622"]
[Site "http://www.queenalice.com/game.php?id=1865072"]
[Date "2025.11.3"]
[Round "1"]
[White "maurice916"]
[Black "Carlos19"]
[Result "1-0"]
[WhiteElo "1680"]
[BlackElo "1572"]

1. Nf3 Nc6 2. d4 d5 3. Bf4 h6 4. h3 Nf6 5. c3 Bf5 6. e3 e6 7. Nbd2 Ne4 8. g4
Nxd2 9. gxf5 Nxf3+ 10. Qxf3 a5 11. Bd3 Qd7 12. fxe6 fxe6 13. Bg6+ Kd8 14. Bg3
Be7 15. O-O e5 16. Bf5 Qd6 17. dxe5 Nxe5 18. Qe2 Qf6 19. Bc2 Nc4 20. Qd3 c6 21.
Rab1 Bd6 22. e4 Bxg3 23. Qxg3 Nd2 24. exd5 cxd5 25. Qd3 Qg5+ 26. Kh2 Nxf1+ 27.
Rxf1 Qe5+ 28. f4 Qe6 29. Qb5 Kc8 30. Qc5+ Kb8 31. Rf2 g6 32. Bxg6 Qxg6 33. Qxd5
b6 34. Qe5+ Ka7 35. Rg2 Qb1 36. Rg7+ Ka6 37. Qe2+ b5 38. Qe6# 1-0

[Event "AUTO-OPEN-4622"]
[Site "http://www.queenalice.com/game.php?id=1865073"]
[Date "2025.11.3"]
[Round "1"]
[White "Carlos19"]
[Black "maurice916"]
[Result "0-1"]
[WhiteElo "1600"]
[BlackElo "1694"]

1. e4 c6 2. Bc4 d5 3. exd5 cxd5 4. Bb5+ Bd7 5. Bxd7+ Nxd7 6. d4 Ngf6 7. Nc3 e6
8. Nf3 Bb4 9. Bd2 O-O 10. a3 Ba5 11. h3 a6 12. Ne2 Bxd2+ 13. Qxd2 Nb6 14. O-O-O
Rc8 15. c3 Nc4 16. Qd3 b5 17. Ne5 a5 18. Nxc4 Rxc4 19. b3 Rc8 20. Qxb5 Ne4 21.
Rhf1 Nxc3 22. Nxc3 Rxc3+ 23. Kb2 Qc7 24. Rc1 Rc8 25. b4 Rxc1 26. Rxc1 Qxc1+ 27.
Kb3 Qc2# 0-1

[Event "AUTO-INT-3950"]
[Site "http://www.queenalice.com/game.php?id=1865208"]
[Date "2025.11.4"]
[Round "1"]
[White "game"]
[Black "Carlos19"]
[Result "1-0"]
[WhiteElo "1506"]
[BlackElo "1659"]

1. e4 e5 2. Nf3 Nc6 3. Bc4 h6 4. d4 Bd6 5. Nxe5 Nxe5 6. dxe5 Bxe5 7. Qf3 f6 8.
Qh5+ Ke7 9. Qf7+ Kd6 10. Qd5+ Ke7 11. Qf7+ Kd6 12. O-O Ne7 13. Rd1+ Kc5 14. Be3+
Kb4 15. Bd3 d5 16. a3+ Ka4 17. b3+ Ka5 18. Bd2+ Kb6 19. Be3+ c5 20. Ra2 d4 21.
Bd2 a5 22. Qc4 Bd7 23. a4 Nc6 24. Qb5+ Ka7 25. Qxc5+ Qb6 26. Qc4 Rhc8 27. f4 Nb4
28. Qf7 Nxa2 29. Qxd7 Bd6 30. Re1 Nc3 31. Rf1 Nxb1 32. Rxb1 Bb4 33. Be1 Bxe1 34.
Rxe1 Qc7 35. Qxd4+ b6 36. c4 Qc5 37. Qxc5 Rxc5 38. e5 fxe5 39. fxe5 Re8 40. e6
Re7 41. b4 axb4 42. g4 g5 43. Bf5 Rxc4 44. Bd3 Rxg4+ 45. Kh1 b3 46. Bf5 Rxa4 47.
Rb1 Ra3 48. Rd1 Re8 49. Rd6 Ra1+ 50. Kg2 Ra5 51. Bg6 Rc8 52. e7 Re5 53. Rd7+ Ka6
54. Rd8 Re2+ 55. Kg3 Rc3+ 56. Rd3 Rxd3+ 57. Bxd3+ Ka5 58. Bxe2 b2 59. Bd3 Kb4
60. e8=Q Kc3 61. Bb1 Kd2 62. Qc8 h5 63. Qc2+ Ke3 64. Qxb2 h4+ 65. Kh3 Kf4 66.
Qxb6 g4+ 67. Kxh4 1-0

[Event "AUTO-INT-3950"]
[Site "http://www.queenalice.com/game.php?id=1865209"]
[Date "2025.11.4"]
[Round "1"]
[White "Carlos19"]
[Black "game"]
[Result "1-0"]
[WhiteElo "1554"]
[BlackElo "1602"]

1. e4 d6 2. Bc4 e5 3. d3 Nc6 4. Nf3 Bg4 5. h3 Bxf3 6. Qxf3 Nh6 7. g4 Nd4 8. Qd1
d5 9. Bxd5 c6 10. Bxh6 gxh6 11. Bb3 Qf6 12. O-O Rg8 13. c3 Nf3+ 14. Kh1 Qf4 15.
Kg2 Nh2 16. Rh1 Bc5 17. d4 Rd8 18. Rxh2 Qxe4+ 19. f3 Qe3 20. Nd2 Bd6 21. Rh1
exd4 22. Re1 Qxe1 23. Qxe1+ Kd7 24. Bxf7 Rg7 25. Bb3 Be7 26. cxd4 h5 27. Qe6+
Ke8 28. Qe5 Rf7 29. Bxf7+ Kxf7 30. Qxh5+ Kg8 31. Qe5 Re8 32. Qc7 Bg5 33. Ne4 Bh4
34. Qxb7 Rd8 35. Qxa7 c5 36. Qxc5 Kg7 37. g5 Kg6 38. f4 Kh5 39. Nf6+ Kg6 40. Rd1
Rh8 41. Qc6 Rb8 42. Nd7+ 1-0

[Event "AUTO-INT-3951"]
[Site "http://www.queenalice.com/game.php?id=1865499"]
[Date "2025.11.12"]
[Round "1"]
[White "SGF"]
[Black "Carlos19"]
[Result "1-0"]
[WhiteElo "1684"]
[BlackElo "1596"]

1. e4 e5 2. Qf3 Qf6 3. Bc4 Qxf3 4. Nxf3 h6 5. Nxe5 Ke7 6. Nxf7 Rh7 7. d4 Nf6 8.
Ne5 c6 9. h4 Nxe4 10. Nc3 Nxc3 11. bxc3 d5 12. Bd3 Rh8 13. Ng6+ Ke8 14. Nxh8 b5
15. O-O a5 16. a4 Ba6 17. axb5 Bxb5 18. Bg6+ Kd8 19. Re1 Kd7 20. Bf4 a4 21. g4
a3 22. Bf5+ Kd8 23. Nf7# 1-0

[Event "AUTO-INT-3951"]
[Site "http://www.queenalice.com/game.php?id=1865500"]
[Date "2025.11.12"]
[Round "1"]
[White "Carlos19"]
[Black "SGF"]
[Result "0-1"]
[WhiteElo "1591"]
[BlackElo "1720"]

1. e4 e5 2. Nf3 Qf6 3. Bc4 d6 4. d3 Bg4 5. h3 Bxf3 6. Qxf3 Be7 7. Qxf6 Bxf6 8.
O-O c6 9. Nc3 b5 10. Bb3 a5 11. a4 b4 12. Ne2 Ne7 13. c3 c5 14. Ng3 g6 15. cxb4
axb4 16. f3 h5 17. Ne2 h4 18. a5 Nec6 19. Bc4 Nxa5 20. Bd2 Nbc6 21. Bd5 O-O 22.
Bh6 Rfd8 23. f4 Kh7 24. Bg5 Kg7 25. Bxf6+ Kxf6 26. fxe5+ Kxe5 27. Bxc6 Nxc6 28.
Rxa8 Rxa8 29. Rxf7 Ra2 30. Rg7 Rxb2 31. Kf2 Nd4 32. Ke3 Rxe2# 0-1

[Event "AUTO-ADV-4886"]
[Site "http://www.queenalice.com/game.php?id=1865928"]
[Date "2025.11.20"]
[Round "2"]
[White "Capixaba789"]
[Black "Carlos19"]
[Result "1/2-1/2"]
[WhiteElo "1787"]
[BlackElo "1605"]

1. b3 e5 2. Bb2 Nc6 3. e4 Nf6 4. d3 b5 5. Nf3 Bc5 6. Be2 d6 7. O-O Bg4 8. Nc3 h6
9. Nd5 Bxf3 10. Bxf3 Nd4 11. c3 Nxf3+ 12. Qxf3 Nxd5 13. exd5 O-O 14. d4 exd4 15.
cxd4 Bb6 16. a4 a6 17. Rad1 bxa4 18. bxa4 a5 19. Qg3 Qf6 20. Kh1 Qg5 21. Qxg5
hxg5 22. f4 g4 23. f5 Rae8 24. f6 g6 25. Rf4 Re2 26. Ba1 Rfe8 27. g3 Re1+ 28.
Rf1 R1e2 29. Rc1 Ra2 30. Rfe1 Kf8 31. Rxe8+ Kxe8 32. Bc3 Rxa4 33. Ra1 Rc4 34.
Bxa5 Rxd4 35. Bc3 Rxd5 36. Re1+ Kf8 37. Ra1 Ke8 38. Re1+ Kd7 39. Re7+ Kc6 40.
Rxf7 Bd4 41. Bxd4 Rxd4 42. Rg7 Rd1+ 43. Kg2 Rd2+ 44. Kg1 Rd1+ 45. Kg2 Rd2+ 46.
Kg1 Rd1+ 47. Kg2 1/2-1/2